1539 1530 1585 1602 1475 1636 1112 1673 1465 1324 1199 1933 1381 1155 1819 1795 1776 1993 1259 1246 1962 1704 1232 1110 1123 1906 1212 1815 1467 1935 1060 1643 1055 1196 1229 1048 1324 1264 1128 1253 1809 1576 1998 1615 1361 1750 1279 1256 1026 1648 1895 1446 1448 1775 1085 1829 1187 1915 1795 1649 1078 1576 1790 1691 1285 1072 1035 1398 1229 1060 1201 1208 1293 1572 1652 1243 1619 1086 1652 1224 1116 1117 1816 1636 1689 1359 1586 1277 1690 1967 1069 1071 1028 1096 1936 1617 1618 1204 1250 BCNSPRNW ULIB Ver.6.0+V

เปลี่ยนเป็นภาษาไทย

Change to English
 แสดงรายละเอียดบรรณานุกรม
  กลับหน้าหลัก

Brief Record : Get Marc (ISO 2709) : E-mail record : QR code < ปิดหน้าต่าง
LEADER : 00000nam a2200000Ia 4500
001    13399126040
003     ULIB
008    120312s2553 th 000 0 tha d
020    ^a9786167388113
040    ^abra
060 04 ^aWS100^bCL641
245 00 ^aClinical practice in pediatrics :^bupdate and innovation /^cบรรณาธิการ, วีระชัย วัฒนวีรเดช ... [และคนอื่น ๆ]
250    ^aพิมพ์ครั้งที่ 1
260    ^aกรุงเทพฯ :^bกองกุมารเวชกรรม โรงพยาบาลพระมงกุฏเกล้า,^c2553
300    ^a xiv, 490 หน้า :^bภาพประกอบ; ^c21 ซม.
500    ^aเอกสารประกอบการประชุมวิชาการ Clinical practice in pediatrics: update and innovation ครั้งที่ 11
650  4 ^aกุมารเวชศาสตร์
650  4 ^aเด็ก, โรค^xการวินิจฉัย^vการประชุม
650  4 ^aเด็ก^xโรค^xการวินิจฉัย^vการประชุม
650  4 ^aเด็ก, โรค^xการรักษา^vการประชุม
650  4 ^aเด็ก,^xโรค^xการรักษา^vการประชุม
700 0  ^aวีระชัย วัฒนวีรเดช,^eบรรณาธิการ
700 0  ^aโสรยา ชัชวาลานนท์,^eบรรณาธิการ
700 0  ^aประไพพิมพ์ ธีรคุปต์,^eบรรณาธิการ
700 0  ^aชลิดา เลาหพันธ์,^eบรรณาธิการ
710 2  ^aโรงพยาบาลพระมงกุฏเกล้า. ^bกองกุมารเวชกรรม
945    ^p400^l0^i25832
945    ^p400^l0^i25833
995    ^aกัณชพร
999    ^aกัณชพร
รายการนี้ยังไม่มีแท็ก
คุณยังไม่ได้ล็อกอิน คุณสามารถมีกิจกรรมร่วมกับเว็บไซต์ได้ แต่ต้องล็อกอินก่อน ::
  ล็อกอิน

รายการสื่อสารสนเทศ

ลำดับที่ ประเภท เลขเรียก/บาร์โค้ด สถานที่ สถานะ
1. หนังสือสำรอง
หนังสือสำรอง
WS100 CL641 ฉ.1 
  Barcode: 25832
ห้องสมุดวิทยาเขตนครสวรรค์
►ส่วนจัดเก็บหนังสือเก่า นว.
บนชั้น
  ขอยืม
2. วิทยาศาสตร์การแพทย์ และสุขภาพ
วิทยาศาสตร์การแพทย์ และสุขภาพ
WS100 CL641 ฉ.2 
  Barcode: 25833
ห้องสมุดวิทยาเขตนครสวรรค์
►ส่วนจัดเก็บหนังสือเก่า นว.
บนชั้น
  ขอยืม

รายการใกล้เคียง
    หัวเรื่อง [กุมารเวชศาสตร์]

BibComment


ยังไม่เคยถูกคอมเมนท์

คอมเมนท์ทรัพยากรรายการนี้
  คอมเมนท์: Clinical practic..


 Copyright 2026. Bcnsprnw @Library